Statistics for Top 10 Irish Points Scorers in the URC/Pro 14/Celtic League

Click here to take the quiz!

General Stats

  • This quiz has been taken 6 times
  • The average score is 6 of 10

Answer Stats

NPlayerClub(s)Points% Correct
3Johnny SextonLeinster887
100%
2Ronan O'GaraMunster940
100%
5Ian MadiganLeinster600
80%
4Jack CartyConnacht877
60%
6Paddy JacksonUlster588
60%
8Ross ByrneLeinster487
60%
7Ian HumphreysUlster499
40%
1Ian KeatleyConnacht, Munster, Benetton Treviso, Glasgow Warriors1,534
40%
9JJ HanrahanMunster, Dragons, Connacht482
40%
10John CooneyUlster443
20%

Score Distribution

Percentile by Number Answered

Percent of People with Each Score

Your Score History

You have not taken this quiz